|
|
|
|
| LEADER |
00000nam0a2200000 4500 |
| 001 |
194167 |
| 005 |
20250623104154.0 |
| 035 |
|
|
|a (RuTPU)RU\TPU\book\211770
|
| 035 |
|
|
|a RU\TPU\book\10752
|
| 090 |
|
|
|a 194167
|
| 100 |
|
|
|a 20110406d2005 m y0rusy50 ca
|
| 101 |
0 |
|
|a rus
|
| 102 |
|
|
|a RU
|
| 105 |
|
|
|a y j 001zy
|
| 200 |
1 |
|
|a Денежное обращение и финансы
|e учебное пособие
|f И. Е. Никулина
|g Томский политехнический университет (ТПУ), Институт дистанционного образования (ИДО)
|
| 210 |
|
|
|a Томск
|c Изд-во ТПУ
|d 2005
|
| 215 |
|
|
|a 126 с.
|
| 320 |
|
|
|a Библиогр.: с. 125.
|
| 333 |
|
|
|a Исключено из фонда НТБ ТПУ
|
| 451 |
|
1 |
|0 (RuTPU)RU\TPU\book\80647
|t Денежное обращение и финансы
|o учебное пособие
|h Ч. 1, 2
|f И. Е. Никулина
|g Томский политехнический университет (ТПУ), Институт дистанционного образования (ИДО)
|c Томск
|n Изд-во ТПУ
|d 2000
|p 127 с.
|a Никулина, Ирина Евгеньевна
|
| 610 |
1 |
|
|a финансы
|
| 610 |
1 |
|
|a денежное обращение
|
| 610 |
1 |
|
|a учебные пособия
|
| 610 |
1 |
|
|a дистанционное обучение
|
| 686 |
|
|
|a У9(2)26я73
|2 rubbk
|
| 700 |
|
1 |
|a Никулина
|b И. Е.
|c экономист
|c профессор Томского политехнического университета, доктор экономических наук
|f 1958-
|g Ирина Евгеньевна
|9 12386
|
| 712 |
0 |
2 |
|a Томский политехнический университет (ТПУ)
|b Институт дистанционного образования (ИДО)
|3 (RuTPU)RU\TPU\col\12625
|
| 801 |
|
0 |
|a RU
|b 63413507
|c 20011209
|g PSBO
|
| 801 |
|
2 |
|a RU
|b 63413507
|c 20110408
|g PSBO
|
| 850 |
|
|
|a 63413507
|
| 942 |
|
|
|c BK
|